[Event "NCA-ch 2nd phase"]
[Site "Managua"]
[Date "2019.02.03"]
[Round "8"]
[White "Cardoza, Cesar Mauiricio"]
[Black "Sequeira, Randall Danilo"]
[Result "1-0"]
[WhiteElo "1725"]
[BlackElo "1615"]
[PlyCount "73"]
[EventDate "2019.01.19"]
[EventType "swiss"]
[EventRounds "9"]
[EventCountry "NCA"]
[SourceTitle "CBM 189 Extra"]
[Source "ChessBase"]
[SourceDate "2019.05.31"]
[SourceVersion "1"]
[SourceVersionDate "2019.05.31"]
[SourceQuality "1"]

1. d4 d5 2. c4 e6 3. Nc3 Nf6 4. Bg5 Be7 5. e3 Nbd7 6. Nf3 0-0 7. Bd3 c6 8. 0-0 Ne8 9. Bf4 Bd6 10. Ne5 Qc7 11. Nxd7 Bxd7 12. Bxd6 Nxd6 13. c5 Nf5 14. Ne2 e5 15. Ng3 Nxg3 16. fxg3 g6 17. Rf6 Kg7 18. Qf1 b6 19. b4 a5 20. Rd6 Be6 21. dxe5 axb4 22. h4 Qe7 23. cxb6 c5 24. Rc6 c4 25. Bc2 Rab8 26. Qf4 Rfc8 27. Rd6 Rb7 28. Rb1 Rcb8 29. Rxb4 Kg8 30. Qd4 Rd8 31. Qc5 Rxd6 32. Qxd6 Qxd6 33. exd6 Bd7 34. a4 Bc6 35. a5 Rd7 36. a6 Kf8 37. b7 1-0

[Event "NCA-ch 2nd phase"]
[Site "Managua"]
[Date "2019.01.26"]
[Round "4"]
[White "Sequeira, Randall Danilo"]
[Black "Matamoros, Jorge"]
[Result "1-0"]
[WhiteElo "1615"]
[BlackElo "1681"]
[PlyCount "53"]
[EventDate "2019.01.19"]
[EventType "swiss"]
[EventRounds "9"]
[EventCountry "NCA"]
[SourceTitle "CBM 189 Extra"]
[Source "ChessBase"]
[SourceDate "2019.05.31"]
[SourceVersion "1"]
[SourceVersionDate "2019.05.31"]
[SourceQuality "1"]

1. d4 Nf6 2. c4 e6 3. Nc3 Bb4 4. Bd2 0-0 5. Nf3 d5 6. e3 Bxc3 7. Bxc3 Ne4 8. Bb4 Re8 9. Bd3 f5 10. 0-0 a5 11. Ba3 Nc6 12. Qe2 Bd7 13. Rfc1 Ne7 14. Ne5 Ng6 15. Nxg6 hxg6 16. Rc2 Bc8 17. Rac1 c6 18. Bxe4 fxe4 19. Rf1 dxc4 20. Qg4 e5 21. Qxg6 exd4 22. exd4 Re6 23. Qh5 Qxd4 24. Rd1 Qf6 25. Rcd2 Qg6 26. Rd8+ Kf7 27. Rf8# 1-0

[Event "NCA-ch 2nd phase"]
[Site "Managua"]
[Date "2019.01.20"]
[Round "3"]
[White "Sandoval Gutierrez, William"]
[Black "Sequeira, Randall Danilo"]
[Result "1/2-1/2"]
[WhiteElo "1639"]
[BlackElo "1615"]
[PlyCount "97"]
[EventDate "2019.01.19"]
[EventType "swiss"]
[EventRounds "9"]
[EventCountry "NCA"]
[SourceTitle "CBM 189 Extra"]
[Source "ChessBase"]
[SourceDate "2019.05.31"]
[SourceVersion "1"]
[SourceVersionDate "2019.05.31"]
[SourceQuality "1"]

1. d4 d5 2. Bf4 e6 3. Nf3 Nf6 4. e3 Nbd7 5. Bd3 c5 6. c3 Be7 7. Nbd2 0-0 8. 0-0 Nh5 9. Bg3 Nxg3 10. hxg3 b6 11. Ne5 Nf6 12. Nc6 Qc7 13. Nxe7+ Qxe7 14. dxc5 bxc5 15. e4 dxe4 16. Nxe4 Bb7 17. Nxf6+ Qxf6 18. Qh5 g6 19. Qxc5 Bd5 20. Qe3 Qe7 21. c4 Bc6 22. Rfd1 Qb7 23. f3 Qxb2 24. Rab1 Qa3 25. Rb3 Qxa2 26. Rdb1 Rfc8 27. Be4 Bxe4 28. Qxe4 Qa4 29. Rb4 Qc6 30. Qf4 Rc7 31. Qe5 Qc5+ 32. Qxc5 Rxc5 33. Ra1 Kg7 34. Rb7 Rxc4 35. Rbxa7 Rxa7 36. Rxa7 h5 37. Rb7 g5 38. Rb5 Kg6 39. Rb6 Kf5 40. Rb7 f6 41. Rh7 Kg6 42. Rh8 e5 43. Rg8+ Kf5 44. Rh8 Kg6 45. Rg8+ Kf5 46. Rh8 Kg6 47. Rg8+ Kf5 48. Rh8 Kg6 49. Rg8+ 1/2-1/2

[Event "Managua Gomez Argenal Memorial"]
[Site "Managua"]
[Date "2017.06.11"]
[Round "5"]
[White "Quintero, Armando"]
[Black "Sequeira, Randall Danilo"]
[Result "1-0"]
[WhiteElo "1818"]
[BlackElo "1619"]
[PlyCount "59"]
[EventDate "2017.06.03"]
[EventType "swiss"]
[EventRounds "9"]
[EventCountry "NCA"]
[SourceTitle "EXT 2018"]
[Source "ChessBase"]
[SourceDate "2017.10.13"]
[SourceVersion "1"]
[SourceVersionDate "2017.10.13"]
[SourceQuality "1"]

1. Nf3 Nf6 2. d4 d5 3. c4 e6 4. Bg5 Be7 5. Nc3 0-0 6. Rc1 c6 7. e3 Nbd7 8. Bd3 a6 9. c5 h6 10. Bh4 Ng4 11. Bg3 Ngf6 12. h3 Nh7 13. 0-0 Ng5 14. Ne5 Nxe5 15. Bxe5 Bd7 16. Na4 f5 17. Nb6 Ra7 18. f3 Be8 19. Qe1 Nf7 20. Bh2 Kh8 21. Qg3 Bd6 22. cxd6 Qxb6 23. Qh4 Qd8 24. Qe7 Qxe7 25. dxe7 Rg8 26. e4 dxe4 27. fxe4 b5 28. exf5 Rxe7 29. Rfe1 Nd6 30. Bg3 1-0

[Event "Managua Gomez Argenal Memorial"]
[Site "Managua"]
[Date "2017.06.04"]
[Round "2"]
[White "Sequeira, Randall Danilo"]
[Black "Moraga, Maria"]
[Result "1-0"]
[WhiteElo "1619"]
[BlackElo "1726"]
[PlyCount "103"]
[EventDate "2017.06.03"]
[EventType "swiss"]
[EventRounds "9"]
[EventCountry "NCA"]
[SourceTitle "EXT 2018"]
[Source "ChessBase"]
[SourceDate "2017.10.13"]
[SourceVersion "1"]
[SourceVersionDate "2017.10.13"]
[SourceQuality "1"]

1. d4 d5 2. c4 e6 3. Nc3 Bb4 4. Bd2 Nf6 5. Nf3 0-0 6. e3 Nbd7 7. a3 Bxc3 8. Bxc3 Ne4 9. Bd3 f5 10. Rc1 Ndf6 11. b4 Ng4 12. Bxe4 fxe4 13. h3 exf3 14. hxg4 fxg2 15. Rg1 Qh4 16. Qe2 Qh2 17. Kd2 e5 18. dxe5 Qh3 19. f4 Bxg4 20. Qxg2 Qxg2+ 21. Rxg2 Bf3 22. Rg3 Be4 23. Rcg1 g6 24. c5 b6 25. Bd4 b5 26. Ra1 a5 27. Rgg1 a4 28. Ke2 Rf5 29. Rg5 Rxg5 30. fxg5 Rf8 31. Rg1 Rf5 32. e6 Kf8 33. Bf6 c6 34. e7+ Kf7 35. Rg3 h5 36. gxh6 Rh5 37. Bg5 Bf5 38. Kf3 Bd7 39. Kf4 Ke6 40. Rg4 Kf7 41. Rh4 Kg8 42. Rxh5 gxh5 43. Ke5 Kh7 44. Kd6 Be8 45. Kc7 h4 46. Bf4 h3 47. Kd8 Bg6 48. e8Q Bxe8 49. Kxe8 h2 50. Bxh2 Kxh6 51. Kd7 Kg6 52. Kxc6 1-0